000 00878cam a2200229 4500
001 WB3808-06
008 020227n2002 000 0 eng u
035 _a(Sirsi) u116871
245 _aZero growth ahead
260 _c2002
490 _aEstates Gazette
_v(0208) 23 February 2002, 52(1)
520 _aThe latest survey of independent forecasters by Investment Property Forum reveals that they expect zero rental and capital growth in 2002. This shows increased pessimism since the previous survey in October 2001. The property market is expected to make a recovery in 2003. Table.
590 _aWB
650 _aPROPERTY FORECASTS
650 _aCAPITAL GROWTH
650 _aRENTAL GROWTH
650 _aPROPERTY ADVISERS
650 _aFUND MANAGERS
650 _aEQUITY BROKERS
690 _aPROPERTY-COMMERCIAL PROPERTY-COMMERCIAL PROPERTY MARKET
942 _n0
999 _c69608
_d69608